Giáo trình đạo đức học Mac-Lênin
Sách gồm 6 bài trình bày đối tượng và nhiệm vụ của đạo đức học Mác - Lênin, nguồn gốc, bản chất, chức năng và vai trò của đạo đức...
Kaydedildi:
| Yazar: | |
|---|---|
| Materyal Türü: | Kitap |
| Dil: | Undetermined |
| Baskı/Yayın Bilgisi: |
Cần Thơ
Trường Đại học Cần Thơ
2005
|
| Konular: | |
| Etiketler: |
Etiketle
Etiket eklenmemiş, İlk siz ekleyin!
|
| Thư viện lưu trữ: | Trung tâm Học liệu Trường Đại học Cần Thơ |
|---|
| LEADER | 00797nam a2200193Ia 4500 | ||
|---|---|---|---|
| 001 | CTU_118105 | ||
| 008 | 210402s9999 xx 000 0 und d | ||
| 082 | |a 170 | ||
| 082 | |b Qu603 | ||
| 100 | |a Đinh, Ngọc Quyên | ||
| 245 | 0 | |a Giáo trình đạo đức học Mac-Lênin | |
| 245 | 0 | |c Đinh Ngọc Quyên, Lê Ngọc Triết, Hồ Thị Thảo | |
| 260 | |a Cần Thơ | ||
| 260 | |b Trường Đại học Cần Thơ | ||
| 260 | |c 2005 | ||
| 520 | |a Sách gồm 6 bài trình bày đối tượng và nhiệm vụ của đạo đức học Mác - Lênin, nguồn gốc, bản chất, chức năng và vai trò của đạo đức... | ||
| 650 | |a Ethics | ||
| 904 | |i Tuyến | ||
| 980 | |a Trung tâm Học liệu Trường Đại học Cần Thơ | ||